000 00792nam a2200229 4500
003 LK-CoMWRAF
005 20231213105326.0
008 231213b2001 |||||||| |||| 00| 0 eng d
020 _a955582021X
040 _aLK-CoMWRAF
_dLK-CoMWRAF
_eLK-CoMWRAF
041 _aeng
082 _a303.6
_bABA
100 _aAbayasekera, Jeffrey
130 _aA history of ethnic conflict in Sri Lanka: recollection, reinterpretation & reconciliation
245 _a The role of the churches :
_ba historical perspective
260 _aColombo:
_bMarga Institute,
_c2001
300 _a12 p. ; 23 cm
_b Bibliography included
490 _aMarga monograph series on ethnic reconciliation
_vno. 18
650 _aChurch and social problems- Sri Lanka
650 _aEthnic conflict- Sri Lanka
942 _cBK
999 _c4393
_d4393